| 000 | 00937nam a22002657a 4500 | ||
|---|---|---|---|
| 005 | 20120211150847.0 | ||
| 008 | 120211t xxu||||| |||| 00| 0 eng d | ||
| 020 |
_a8120312570 _c150.00 |
||
| 035 | _aA-939759 | ||
| 040 |
_aDPL _bEng |
||
| 082 | _a005.74 | ||
| 100 |
_921837 _aPrabhu, C.S.R. |
||
| 245 |
_aObject-oriented database systems : _cby C.S.R. Prabhu _bapproaches and architectures / |
||
| 260 |
_aNew Delhi _bPrentice-Hall of India _c1998 |
||
| 270 |
_aM-97, Connaught Circus _bNew Delhi _e110001 |
||
| 300 |
_axiii, 196p. _c24cm (pbk) |
||
| 500 | _aIncludes bibliographical references and index | ||
| 650 |
_921838 _aObject-oriented databases. |
||
| 650 | _921839 | ||
| 650 | _921840 | ||
| 650 | _924763 | ||
| 700 | _921841 | ||
| 942 |
_2ddc _cEN _mPRA _h005.74 |
||
| 999 |
_c62578 _d62578 |
||